1501 1470 1610 1639 1140 1629 1671 1033 1769 1778 1259 1525 1711 1791 1303 1491 1517 1587 1959 1774 1559 1664 1589 1670 1215 1675 1668 1833 1720 1119 1752 1828 1571 1396 1640 1628 1573 1429 1989 1519 1546 1678 1393 1592 1133 1136 1321 1155 1379 1420 1722 1218 1339 1457 1746 1532 1169 1505 1720 1676 1809 1739 1776 1021 1446 1173 1491 1463 1038 1158 1897 1076 1900 1629 1680 1472 1116 1619 1105 1046 1083 1720 1612 1404 1102 1435 1253 1064 1093 1773 1999 1261 1456 1006 1521 1113 1273 1178 1015 BCNSPRNW ULIB Ver.6.0+V

เปลี่ยนเป็นภาษาไทย

Change to English
 แสดงรายละเอียดบรรณานุกรม
  กลับหน้าหลัก

Brief Record : Get Marc (ISO 2709) : E-mail record : QR code < ปิดหน้าต่าง
LEADER : 00000nam 2200000uu 4500
001    13399128498
003     ULIB
008    230830s2565||||th 000 0 tha d
020    ^a9786162875045
050  4 ^aBF441^bก889ค
100 1  ^aแกรนต์, อดัม
245 10 ^aคิดแล้ว, คิดอีก =^bThink again /^cผู้เขียน, Adam Grant ; ผู้แปล,วิโรจน์ ภัทรทีปกร
246 31 ^aThink again :^bthe power of knowing what you don t know
260    ^aกรุงเทพฯ :^bวีเลิร์น,^c2565
300    ^a420 หน้า :^bภาพประกอบ ;^c21 ซม.
500    ^aแปลจาก: Think again : the power of knowing what you don tknow
505 0  ^aนักเทศน์ อัยการ นักการเมือง และนักวิทยาศาสตร์ก้าวเข้าสู่ความคิดของคุณ --คนทที่คิดว่าตัวเองเก่งกับคนที่คิดว่าตัวเองไม่เก่ง -- ความสุขใจจากการคิดผิด-- ชมรมการทะเลาะเชิงสร้างสรรค์ -- เต้นรำกับศัตรู --เรื่องบาดหมางบนสนามเบสบอล --ผู้หยั่งรู้เรื่องวัคซีนและนักสอบปากคำผู้ละมุนละม่อม --การสนทนาแบบกระตุ้นอารมณ์ -- เขียนหนังสือเรียนใหม่ --นั่นไม่ใช่แนวทางที่เราทำมาตลอด -- หนีจากมุมมองแบบอุโมงค์
650  4 ^aความคิดและการคิด
650  4 ^aการตั้งคำถาม
650  4 ^aทฤษฎีความรู้
650  4 ^aความเชื่อ
700 0  ^aวิโรจน์ ภัทรทีปกร,^eผู้แปล
700 12 ^aGrant, Adam.^tThink again : the power of knowing what youdon t know
945    ^p395^l0^i010261
999    ^aประนอม เกษจรัล
รายการนี้ยังไม่มีแท็ก
คุณยังไม่ได้ล็อกอิน คุณสามารถมีกิจกรรมร่วมกับเว็บไซต์ได้ แต่ต้องล็อกอินก่อน ::
  ล็อกอิน

รายการสื่อสารสนเทศ

ลำดับที่ ประเภท เลขเรียก/บาร์โค้ด สถานที่ สถานะ
1. การศึกษาทั่วไป
การศึกษาทั่วไป
BF441 ก889ค ฉ.1 
  Barcode: 010261
ห้องสมุดวิทยาเขตสวรรค์ประชารักษ์
►หนังสือทั่วไป
บนชั้น

รายการใกล้เคียง
    หัวเรื่อง [ความคิดและการคิด]
    หัวเรื่อง [ความเชื่อ]

BibComment


ยังไม่เคยถูกคอมเมนท์

คอมเมนท์ทรัพยากรรายการนี้
  คอมเมนท์: คิดแล้ว คิดอีก ..


 Copyright 2026. Bcnsprnw @Library